Calama, provincia El Loa: recopilación de valores patrimoniales, cultares y geográficos. Fundamentos de tipologías arquitectónicas y del paisaje
Guardat en:
| Autor principal: | |
|---|---|
| Format: | Llibre |
| Idioma: | espanyol |
| Publicat: |
Santiago
Cal y Canto
2000
|
| Matèries: | |
| Etiquetes: |
Afegir etiqueta
Sense etiquetes, Sigues el primer a etiquetar aquest registre!
|
MARC
| LEADER | 00000cam a2200000 a 4500 | ||
|---|---|---|---|
| 001 | UCO3308 | ||
| 003 | CL-VaPUC | ||
| 008 | 000720e20000000CL |||||||||||||||||spa|d | ||
| 020 | |a 9567776040 | ||
| 082 | 0 | 4 | |a 720.983 |b ROD |2 21 |
| 100 | 0 | |a Rodríguez Panebianco, Darío |e author |9 447365 | |
| 245 | 1 | 0 | |a Calama, provincia El Loa: recopilación de valores patrimoniales, cultares y geográficos. Fundamentos de tipologías arquitectónicas y del paisaje |
| 300 | |a 72 p | ||
| 942 | |c BK | ||
| 945 | |d 20000720 00:00:00 |a rbrito | ||
| 260 | |a Santiago |b Cal y Canto |c 2000 | ||
| 650 | 0 | |a Arquitectura indígena |9 333207 | |
| 650 | 0 | |a Desarrollo cultural |9 267526 | |
| 650 | 0 | |a Diseño arquitectónico |9 265271 | |
| 650 | 0 | |a Patrimonio cultural |9 309364 | |
| 651 | 0 | |a Calama |9 447366 | |
| 651 | 7 | |a CHILE |2 CL-VaPUC |9 447367 | |
| 583 | |a last modification |c 20120621 01:52:22 |k Rodrigo Vera | ||
| 999 | |c 289771 |d 289769 | ||
| 952 | |0 0 |1 0 |4 0 |6 720_983000000000000_ROD_2000 |7 0 |8 A |9 338479 |a BIBARQ |b BIBARQ |d 2019-11-20 |i 3627276 |o 720.983 ROD 2000 |p 3627276 |r 2025-01-20 |w 2019-11-20 |y BK |k ARQ | ||
| 952 | |0 0 |1 0 |4 0 |6 720_983000000000000_ROD_2000 |7 0 |8 A |9 338480 |a BIBARQ |b BIBARQ |d 2019-11-20 |i 3633403 |o 720.983 ROD 2000 |p 3633403 |r 2025-01-20 |w 2019-11-20 |y BK |k ARQ | ||
| 952 | |0 0 |1 0 |4 0 |6 720_983000000000000_ROD_2000 |7 0 |8 X |9 338481 |a FDOBUD |b FDOBUD |d 2019-11-20 |i 4834887 |o 720.983 ROD 2000 |p 4834887 |r 2019-11-20 |w 2019-11-20 |y BK_X |k BUD | ||